| 000 | 01423cam a2200397 a 4500 | ||
|---|---|---|---|
| 001 | 13606737 | ||
| 003 | Nust | ||
| 005 | 20220831110804.0 | ||
| 008 | 040526s2004 nyu 000 1 eng | ||
| 010 | _a 2004273751 | ||
| 020 |
_a074341263X _cRs. 300 |
||
| 035 | _a(OCoLC)ocm54433044 | ||
| 038 | _aArshad | ||
| 040 |
_aWVK _cWVK _dP@N _dOCLCQ _dEMU _dDLC |
||
| 042 | _alccopycat | ||
| 043 | _an-us-ny | ||
| 050 | 0 | 0 |
_aPS3553.L287 _bN55 2004 |
| 082 | 0 | 0 |
_a823 _bCLA |
| 100 | 1 |
_aClark, Mary Higgins. _911983 |
|
| 245 | 1 | 0 |
_aNighttime is my time / _cMary Higgins Clark. |
| 260 |
_aNew York : _bSimon & Schuster, _c2004. |
||
| 300 |
_aviii, 434 p. ; _c24 cm. |
||
| 650 | 0 |
_aWomen deans (Education) _vFiction. _912017 |
|
| 650 | 0 |
_aClass reunions _vFiction. _912018 |
|
| 650 | 0 |
_aSerial murderers _vFiction. _912019 |
|
| 650 | 0 |
_aAdopted children _vFiction. _912020 |
|
| 651 | 0 |
_aCornwall on Hudson (N.Y.) _vFiction. _912021 |
|
| 655 | 7 |
_aMystery fiction. _2gsafd _95621 |
|
| 655 | 7 |
_aSuspense fiction. _2gsafd _94577 |
|
| 655 | 7 |
_aPsychological fiction. _2lcsh _9953 |
|
| 856 | 4 | 2 |
_3Publisher description _uhttp://www.loc.gov/catdir/description/simon052/2004273751.html |
| 856 | 4 | 1 |
_3Sample text _uhttp://www.loc.gov/catdir/enhancements/fy0645/2004273751-s.html |
| 906 |
_a7 _bcbc _ccopycat _d2 _encip _f20 _gy-gencatlg |
||
| 942 |
_2ddc _cBK |
||
| 999 |
_c174382 _d174382 |
||